Evénements du 8 octobre - Statistiques

Statistiques générales
  • Ce quiz a été pris 30 fois
  • Le résultat moyen est 7 sur 15
Statistiques - réponses
Hint Réponse % Correct
François 1er fonde la ville du Havre 1517
74%
Capture de Che Guevara en Bolivie 1967
70%
Mort de Pierre Tchernia 2016
65%
Naissance de l'actrice Paulette Dubost 1910
57%
Naissance de Jean-Claude Gaudin 1939
52%
Naissance de Jean-Jacques Beineix 1946
48%
Mort du chancelier Willy Brandt 1992
48%
Naissance de Bruno Mars 1985
43%
Naissance du réalisateur Julien Duvivier 1896
39%
Bataille de Saint-Quentin ET Naissance du compositeur Louis Vierne 1870
35%
La république de Saint-Marin adopte sa constitution 1600
30%
Mort du compositeur François Adrien Boïeldieu 1834
26%
Début du grand incendie de Chicago 1871
26%
Naissance de l'actrice Claude Jade 1948
26%
Mort du cardinal Renard 1983
26%
Aucun quiz correspondant
Distribution des résultats
% des personnes avec chaque résultat
Percentile par nombre de réponses
Votre historique - résultats
Vous n’avez pas pris ce quiz